Normal view
MARC view
- George Gabriel Stokes
Entry Personal Name
001 - CONTROL NUMBER
- control field: 25468
003 - CONTROL NUMBER IDENTIFIER
- control field: IN-BhIIT
005 - DATE AND TIME OF LATEST TRANSACTION
- control field: 20250214153007.0
008 - FIXED-LENGTH DATA ELEMENTS
- fixed length control field: 250214|| aca||aabn | a|a d
040 ## - CATALOGING SOURCE
- Original cataloging agency: IN-BhIIT
- Transcribing agency: IN-BhIIT
100 ## - HEADING--PERSONAL NAME
- Personal name: George Gabriel Stokes
670 ## - SOURCE DATA FOUND
- Source citation: Work cat.: (IN-BhIIT)14794: George Gabriel Stokes, Mathematical and Physical Papers, 2009